[Event "18th Charleroi Open-A 2019"]
[Site "Charleroi"]
[Date "2019.07.29"]
[Round "4.8"]
[White "Capone, Nicola"]
[Black "De Villers, Mourad"]
[Result "1/2-1/2"]
[WhiteElo "2297"]
[BlackElo "2140"]
[Annotator "NA"]
[PlyCount "82"]
[EventDate "2019.07.22"]
[EventType "swiss"]
[EventCountry "BEL"]
[SourceTitle "playchess.com"]
[Source "ChessBase"]
[SourceQuality "1"]
[TimeControl "40/5400+30:1800+30"]

1. e4 {[%emt 0:00:00]} c5 {[%emt 0:00:00]} 2. Nc3 {[%emt 0:00:00]} Nc6 {[%emt 0:00:00]} 3. Nf3 {[%emt 0:00:00]} g6 {[%emt 0:00:22]} 4. d4 {[%emt 0:00:00]} cxd4 {[%emt 0:00:23]} 5. Nxd4 {[%emt 0:00:00]} Bg7 {[%emt 1:31:45]} 6. Be3 {[%emt 0:00:18]} Nf6 {[%emt 0:00:00]} 7. Bc4 {[%emt 0:00:00]} O-O {[%emt 0:00:00]} 8. Bb3 {[%emt 0:00:10]} d6 {[%emt 0:00:00]} 9. h3 {[%emt 0:00:18]} Na5 {[%emt 0:00:00]} 10. O-O {[%emt 0:00:11]} Bd7 {[%emt 0:00:00]} 11. Re1 {[%emt 0:00:06]} a6 {[%emt 0:00:00]} 12. Bg5 {[%emt 0:03:47]} Bc6 {[%emt 0:00:00]} 13. Qd3 {[%emt 0:10:46]} Re8 {[%emt 0:00:00]} 14. Rad1 {[%emt 0:10:04]} Nxb3 {[%emt 0:00:00]} 15. axb3 {[%emt 0:00:13]} Qa5 {[%emt 0:00:00]} 16. Bxf6 {[%emt 0:02:59]} Bxf6 {[%emt 0:00:00]} 17. Nxc6 {[%emt 0:00:03]} bxc6 {[%emt 0:00:00]} 18. Ra1 {[%emt 0:00:04]} Qb6 {[%emt 0:00:00]} 19. Ra4 {[%emt 0:00:15]} Ra7 {[%emt 0:00:00]} 20. Rea1 {[%emt 0:01:13]} Rea8 {[%emt 0:00:00]} 21. Ra5 {[%emt 0:04:18]} Bd4 {[%emt 0:00:00]} 22. Nd1 {[%emt 0:00:31]} e6 {[%emt 0:00:00]} 23. R5a4 {[%emt 0:18:59]} Be5 {[%emt 0:00:00]} 24. Qe2 {[%emt 0:00:51]} Bg7 {[%emt 0:00:00]} 25. R1a2 {[%emt 0:06:24]} h5 {[%emt 0:00:00]} 26. Qe3 {[%emt 0:01:25]} Qc7 {[%emt 0:00:00]} 27. Qf4 {[%emt 0:01:28]} Be5 {[%emt 0:00:00]} 28. Qd2 {[%emt 0:01:01]} d5 {[%emt 0:00:00]} 29. Nc3 {[%emt 0:05:27]} Qe7 {[%emt 0:00:00]} 30. exd5 {[%emt 0:09:55]} exd5 {[%emt 0:00:00]} 31. Ra1 {[%emt 0:00:06]} Qf6 {[%emt 0:00:00]} 32. Qd3 {[%emt 0:03:37]} Kg7 {[%emt 0:00:00]} 33. g3 {[%emt 0:02:09]} a5 {[%emt 0:00:00]} 34. Kg2 {[%emt 0:00:51]} Re7 {[%emt 0:06:46]} 35. Rxa5 {[%emt 0:04:28]} Rae8 {[%emt 0:01:14]} 36. Ra8 {[%emt 0:03:25]} Rxa8 {[%emt 0:02:39]} 37. Rxa8 {[%emt 0:00:06]} h4 {[%emt 0:00:18]} 38. Qf3 {[%emt 0:01:28]} hxg3 {[%emt 0:00:41]} 39. fxg3 {[%emt 0:00:22]} Qxf3+ {[%emt 0:04:50]} 40. Kxf3 {[%emt 0:00:24]} Bd4 {[%emt 0:00:10]} 41. Nd1 {[%emt 0:13:00]} Re1 {[%emt 0:31:22] Ke4} 1/2-1/2

[Event "18th Charleroi Open-A 2019"]
[Site "Charleroi"]
[Date "2019.07.29"]
[Round "4.9"]
[White "Anciaux, Marc"]
[Black "Klinova, Masha"]
[Result "1/2-1/2"]
[WhiteElo "2120"]
[BlackElo "2269"]
[Annotator "NA"]
[PlyCount "124"]
[EventDate "2019.07.22"]
[EventType "swiss"]
[EventCountry "BEL"]
[SourceTitle "playchess.com"]
[Source "ChessBase"]
[SourceQuality "1"]
[TimeControl "40/5400+30:1800+30"]

1. e4 {[%emt 1:30:30]} d6 {[%emt 1:30:30]} 2. d4 {[%emt 0:00:30]} Nf6 {[%emt 0:00:30]} 3. Nc3 g6 4. Nf3 {[%emt 0:01:00]} Bg7 {[%emt 0:01:00]} 5. Be2 {[%emt 0:00:30]} O-O {[%emt 0:00:30]} 6. O-O {[%emt 0:00:30]} Nc6 {[%emt 0:00:30]} 7. d5 {[%emt 0:00:30]} Nb8 {[%emt 0:00:30]} 8. Be3 {[%emt 0:00:30]} c6 {[%emt 0:00:30]} 9. h3 {[%emt 0:00:30]} b6 {[%emt 0:00:30]} 10. dxc6 {[%emt 0:00:30]} Nxc6 {[%emt 0:00:30]} 11. Nd4 {[%emt 0:00:30]} Bb7 {[%emt 0:00:30]} 12. f4 {[%emt 0:00:30]} Qc7 {[%emt 0:00:30]} 13. Nxc6 {[%emt 0:00:30]} Bxc6 {[%emt 0:00:30]} 14. Bf3 {[%emt 0:00:30]} Rac8 {[%emt 0:00:30]} 15. Rf2 {[%emt 0:00:30]} Qb7 {[%emt 0:00:30]} 16. Qd3 {[%emt 0:00:30]} Nd7 {[%emt 0:00:30]} 17. Bd4 {[%emt 0:00:30]} e5 {[%emt 0:00:30]} 18. Be3 {[%emt 0:00:30]} Nc5 {[%emt 0:00:30]} 19. Bxc5 {[%emt 0:00:30]} bxc5 {[%emt 0:00:30]} 20. f5 {[%emt 0:00:30]} Qxb2 {[%emt 0:00:30]} 21. Rb1 {[%emt 0:00:30]} Qa3 {[%emt 0:00:30]} 22. Nd5 {[%emt 0:00:30]} Qxd3 {[%emt 0:00:30]} 23. Ne7+ {[%emt 0:00:30]} Kh8 {[%emt 0:00:30]} 24. cxd3 {[%emt 0:00:30]} Rc7 {[%emt 0:00:30]} 25. Nxc6 {[%emt 0:00:30]} Rxc6 {[%emt 0:00:30]} 26. Rb7 {[%emt 0:00:30]} c4 {[%emt 0:00:30]} 27. dxc4 {[%emt 0:00:30]} Rxc4 {[%emt 0:00:30]} 28. Rd2 {[%emt 0:00:30]} gxf5 {[%emt 0:00:30]} 29. Rxd6 {[%emt 0:00:30]} fxe4 {[%emt 0:00:30]} 30. Bh5 {[%emt 0:00:30]} e3 {[%emt 0:00:30]} 31. Kf1 {[%emt 0:00:30]} Rc2 {[%emt 0:00:30]} 32. Rdd7 {[%emt 0:00:30]} Rxa2 {[%emt 0:00:30]} 33. Rxa7 {[%emt 0:00:30]} Rxa7 {[%emt 0:00:30]} 34. Rxa7 {[%emt 0:00:30]} f5 {[%emt 0:00:30]} 35. Ke2 {[%emt 0:00:30]} f4 {[%emt 0:00:30]} 36. Bf3 {[%emt 0:00:30]} Rd8 {[%emt 0:00:30]} 37. Ra8 {[%emt 0:00:30]} Bf6 {[%emt 0:00:30]} 38. Rxd8+ {[%emt 0:00:30]} Bxd8 {[%emt 0:00:30]} 39. Be4 {[%emt 0:00:30]} Kg7 {[%emt 0:00:30]} 40. Kf3 {[%emt 0:00:30]} h6 {[%emt 0:00:30]} 41. Ke2 {[%emt 0:30:30]} Kf6 {[%emt 0:30:30]} 42. Kf3 {[%emt 0:00:30]} Ke6 {[%emt 0:00:30]} 43. Ke2 {[%emt 0:00:30]} Kd6 {[%emt 0:00:30]} 44. Kd3 {[%emt 0:00:30]} Kc5 {[%emt 0:00:30]} 45. Bf3 {[%emt 0:00:30]} Kb4 {[%emt 0:00:30]} 46. Be2 {[%emt 0:00:30]} Bc7 {[%emt 0:00:30]} 47. Bf3 {[%emt 0:00:30]} Kb3 {[%emt 0:00:30]} 48. Be2 {[%emt 0:00:30]} Kb2 {[%emt 0:00:30]} 49. Bf3 {[%emt 0:00:30]} Kc1 {[%emt 0:00:30]} 50. Be2 {[%emt 0:00:30]} Bb8 {[%emt 0:00:30]} 51. Bf3 {[%emt 0:00:30]} e4+ {[%emt 0:00:30]} 52. Bxe4 {[%emt 0:00:30]} Kd1 {[%emt 0:00:30]} 53. Bf3+ {[%emt 0:00:30]} Ke1 {[%emt 0:00:30]} 54. h4 {[%emt 0:00:30]} Kf2 {[%emt 0:00:30]} 55. h5 {[%emt 0:00:30]} Bc7 {[%emt 0:00:30]} 56. Bg4 {[%emt 0:00:30]} Kxg2 {[%emt 0:00:30]} 57. Ke2 {[%emt 0:00:30]} Kg3 {[%emt 0:00:30]} 58. Bf3 {[%emt 0:00:30]} Bb8 {[%emt 0:00:30]} 59. Be4 {[%emt 0:00:30]} Kg4 {[%emt 0:00:30]} 60. Bf3+ {[%emt 0:00:30]} Kh4 {[%emt 0:00:30]} 61. Kf1 {[%emt 0:00:30]} Kg3 {[%emt 0:00:30]} 62. Ke2 Kh4 {[%emt 0:00:30]} 1/2-1/2

[Event "18th Charleroi Open-A 2019"]
[Site "Charleroi"]
[Date "2019.07.29"]
[Round "4.10"]
[White "Soyunlu, Narmin"]
[Black "Faybish, Nimrod"]
[Result "0-1"]
[WhiteElo "2099"]
[BlackElo "2220"]
[Annotator "TA"]
[PlyCount "134"]
[EventDate "2019.07.22"]
[EventType "swiss"]
[EventCountry "BEL"]
[SourceTitle "playchess.com"]
[Source "ChessBase"]
[SourceQuality "1"]

{[%evp 9,134,-11,16,2,9,0,16,9,16,14,20,16,11,0,44,25,43,0,66,9,14,11,52,-26,44,0,7,0,22,18,30,0,0,0,-4,0,10,-7,0,0,-4,-78,-37,-197,-183,-167,-138,-152,-83,-135,-145,-139,0,-141,-112,-135,-111,-143,-147,-193,-192,-264,-262,-255,-251,-272,-272,-298,-290,-333,-343,-485,-482,-472,-447,-440,-243,-319,-236,-238,-226,-231,-166,-366,-376,-1063,-1063,-937,-786,-771,-743,-433,-433,-1100,-672,-29962,-29964,-29983,-29984,-29986,-29987,-29987,-29983,-29986,-29987,-29986,-29969,-29971,-29972,-29962,-5093,-29976,-29977,-29977,-29978,-29978,-29979,-29981,-29982,-29974,-29975,-29984,-29984,-29988,-29989,-29991,-29992]} 1. d4 Nf6 2. c4 Nc6 3. d5 Ne5 4. e3 e6 5. a3 (5. Nc3 Bb4 6. Bd2 O-O 7. a3 Bxc3 8. Bxc3 d6 9. f3 exd5 10. cxd5 Re8 11. Qd2 Bd7 {0-1 (34) Vasilevich,T (2372)-Kosteniuk,A (2537) Sochi 2016}) 5... a5 6. Nc3 {A50: Queen's Fianchetto Defence (1 d4 Nf6 2 c4 b6)} Bc5 7. Be2 $146 ({Predecessor:} 7. Nf3 Nxf3+ 8. gxf3 d6 9. f4 O-O 10. Rg1 c6 11. b3 exd5 12. cxd5 cxd5 13. Nxd5 Nxd5 14. Qxd5 {1-0 (46) Dzhumagaliev,Y (2400)-Fernandez Gil,M (2215) Tallinn 2016}) 7... O-O 8. Nf3 {The position is equal.} Nxf3+ 9. Bxf3 e5 10. O-O d6 11. Rb1 Ne8 12. b4 Ba7 13. e4 g6 (13... axb4 $11 14. axb4 f5) 14. Qe2 (14. Bh6 $14) 14... f5 $11 15. exf5 gxf5 16. Be3 (16. Bh6 $14) 16... Nf6 (16... e4 $11 17. Bh5 Bxe3 18. Qxe3 f4 19. Qxe4 Bf5) 17. Bxa7 Rxa7 18. Qd2 Kh8 19. c5 Rg8 20. Kh1 f4 21. Rbc1 axb4 22. axb4 Bd7 23. Ra1 Rxa1 24. Rxa1 Bf5 25. Be2 (25. Qe2 $11 {keeps the balance.}) 25... Qe7 $17 26. Ra7 $2 (26. cxd6 $15 Qxd6 27. b5) 26... dxc5 $19 27. b5 b6 28. f3 Qd6 (28... Ne8 $142 29. Bd3 Nd6) 29. Ra4 (29. Bd3 $142 Bg6 30. Bxg6 hxg6 31. Qd3) 29... Rd8 $36 {[%cal Rf6d5][%mdl 2048] Black is in control.} 30. Bc4 Rg8 (30... Re8 $17 {...e4 is the strong threat.} 31. Ne2 Rd8) 31. Ra2 (31. Be2 $1 $11) 31... Nh5 32. Qe1 Re8 33. Qh4 Nf6 34. Qf2 e4 35. fxe4 (35. Qh4 $142) 35... Nxe4 $19 (35... Bxe4 36. Qf1 $19) 36. Nxe4 Rxe4 ({Resist} 36... Bxe4 37. Qb2+ Kg8 38. Qf2 $19) 37. Bd3 {[#]} Rd4 $1 {[%mdl 64] Double Attack, Discovered Attack} ({Inferior is} 37... Qxd5 38. Bxe4 Bxe4 39. Rd2 $14) 38. Be2 Qxd5 39. Bf3 Be4 40. h3 (40. Qe2 $142) 40... Bxf3 41. gxf3 {[%mdl 4096] Endgame KQR-KQR} Rd1+ 42. Kh2 Rd3 (42... Kg8 $142 43. Re2 Qd3 44. Qg2+ Kf7) 43. Qg2 Qg8 ({Not} 43... Rxf3 $2 {[#]} 44. Ra3 $1 $18 {[%mdl 512]}) 44. Qb2+ Rd4 {Hoping for ...Qg3+.} 45. Qf2 Rb4 46. Rd2 $2 (46. Ra1) 46... Rxb5 47. Qe1 $2 {[#]} (47. Qf1 Qg3+ 48. Kh1) 47... Qg3+ $1 48. Qxg3 fxg3+ 49. Kxg3 {KR-KR} c4 50. Rd8+ Kg7 51. Rd7+ (51. Kf2 $142 Rc5 52. Ke2) 51... Kg6 52. Rxc7 Rc5 53. Rd7 c3 54. Rd1 b5 {[%cal Bb6b5,Bb5b4][%mdl 32]} 55. Kf2 b4 56. Rg1+ Kf6 57. Ke2 Rd5 58. Rc1 Kf5 59. Ke3 h5 60. Rc2 h4 {Black mates.} 61. Rc1 Rd2 62. f4 Rb2 63. Rg1 c2 64. Rg5+ Kf6 65. Kd2 b3 66. Rb5 Rb1 67. Rc5 Rd1+ {Accuracy: White = 26%, Black = 57%.} 0-1

[Event "18th Charleroi Open-A 2019"]
[Site "Charleroi"]
[Date "2019.07.29"]
[Round "4.11"]
[White "Vernimmen, Pierre"]
[Black "Van Malder, Dries"]
[Result "1/2-1/2"]
[WhiteElo "1911"]
[BlackElo "2178"]
[Annotator "NA"]
[PlyCount "96"]
[EventDate "2019.07.22"]
[EventType "swiss"]
[EventCountry "BEL"]
[SourceTitle "playchess.com"]
[Source "ChessBase"]
[SourceQuality "1"]
[TimeControl "40/5400+30:1800+30"]

1. d4 {[%emt 0:00:00]} Nf6 {[%emt 0:00:00]} 2. c4 {[%emt 0:00:00]} e6 {[%emt 0:00:00]} 3. g3 {[%emt 0:00:00]} Bb4+ {[%emt 0:00:00]} 4. Bd2 {[%emt 0:00:06]} Qe7 {[%emt 0:00:05]} 5. Bg2 {[%emt 0:00:10]} Nc6 6. Nf3 {[%emt 0:00:18]} Bxd2+ {[%emt 0:00:19]} 7. Nbxd2 {[%emt 0:00:17]} d6 {[%emt 0:00:14]} 8. O-O {[%emt 0:00:18]} O-O {[%emt 0:00:09]} 9. e4 {[%emt 0:00:24]} e5 {[%emt 0:00:08]} 10. d5 {[%emt 0:00:11]} Nb8 {[%emt 0:00:09]} 11. Ne1 {[%emt 0:00:58]} a5 {[%emt 1:34:26]} 12. Nd3 {[%emt 0:02:44]} Na6 {[%emt 0:00:00]} 13. f4 {[%emt 0:02:09]} Nd7 {[%emt 0:00:00]} 14. f5 {[%emt 0:00:54]} f6 15. a3 {[%emt 0:03:31]} Ndc5 {[%emt 0:00:00]} 16. Nxc5 {[%emt 0:00:49]} Nxc5 {[%emt 0:00:00]} 17. b4 {[%emt 0:01:43]} axb4 {[%emt 0:00:00]} 18. axb4 {[%emt 0:00:28]} Ra5 {[%emt 0:03:30]} 19. Ra2 Rxa2 {[%emt 0:00:00]} 20. Qb1 {[%emt 1:25:00]} Ra1 21. Qxa1 {[%emt 0:00:00]} Na6 {[%emt 0:00:00]} 22. Qc3 {[%emt 0:00:00]} c5 {[%emt 0:00:00]} 23. bxc5 {[%emt 0:00:00]} Nxc5 {[%emt 0:00:00]} 24. Qa5 {[%emt 0:00:00]} Bd7 {[%emt 0:00:00]} 25. Rb1 {[%emt 0:00:00]} Qd8 {[%emt 0:00:00]} 26. Qxd8 {[%emt 0:00:00]} Rxd8 {[%emt 0:00:00]} 27. Rb6 {[%emt 0:00:00]} Bc8 {[%emt 0:00:00]} 28. Nb3 {[%emt 0:00:00]} Nxb3 {[%emt 0:00:00]} 29. Rxb3 {[%emt 0:00:00]} Kf7 {[%emt 0:00:00]} 30. Bf3 {[%emt 0:00:00]} Rd7 {[%emt 0:00:00]} 31. Bd1 {[%emt 0:00:00]} Rc7 {[%emt 0:00:00]} 32. Rb4 {[%emt 0:00:00]} Rc5 {[%emt 0:00:00]} 33. Ba4 {[%emt 0:00:00]} Ra5 {[%emt 0:00:00]} 34. Kf2 {[%emt 0:00:00]} Ke7 {[%emt 0:00:00]} 35. Ke3 {[%emt 0:00:00]} Kd8 {[%emt 0:00:00]} 36. Kd3 {[%emt 0:00:00]} Kc7 {[%emt 0:00:00]} 37. Kc3 {[%emt 0:00:00]} b6 {[%emt 0:00:00]} 38. Bc6 {[%emt 0:00:00]} Bb7 {[%emt 0:00:00]} 39. Ba4 {[%emt 0:00:00]} Ra8 {[%emt 0:00:00]} 40. Kd3 {[%emt 0:00:00]} Bc8 {[%emt 0:11:00]} 41. Bc6 {[%emt 0:29:34]} Bb7 {[%emt 0:26:35]} 42. Ba4 {[%emt 0:00:22]} Bc8 {[%emt 0:03:31]} 43. Bc6 {[%emt 0:02:17]} Ra5 {[%emt 0:00:00]} 44. Ba4 {[%emt 0:00:00]} Ra6 {[%emt 0:00:00]} 45. Kc3 {[%emt 0:00:00]} Ra8 {[%emt 0:02:24]} 46. Bc6 {[%emt 0:00:00]} Bb7 {[%emt 0:00:00]} 47. Ba4 {[%emt 0:00:00]} Ra5 {[%emt 0:00:00]} 48. Kd3 {[%emt 0:00:00]} Ra8 {[%emt 0:00:00]} 1/2-1/2

[Event "18th Charleroi Open-A 2019"]
[Site "Charleroi"]
[Date "2019.07.29"]
[Round "4.12"]
[White "Van Mechelen, Jan"]
[Black "Ghyselen, Wouter"]
[Result "1/2-1/2"]
[WhiteElo "2218"]
[BlackElo "2078"]
[Annotator "NA"]
[PlyCount "41"]
[EventDate "2019.07.22"]
[EventType "swiss"]
[EventCountry "BEL"]
[SourceTitle "playchess.com"]
[Source "ChessBase"]
[SourceQuality "1"]
[TimeControl "40/5400+30:1800+30"]

1. e4 {[%emt 0:00:00]} d6 {[%emt 0:07:31]} 2. Nc3 {[%emt 0:00:37]} Nf6 {[%emt 0:01:41]} 3. g3 {[%emt 0:00:21]} e5 {[%emt 0:03:18]} 4. Bg2 {[%emt 0:00:21]} c6 {[%emt 0:00:58]} 5. Nge2 {[%emt 0:02:09]} Be7 {[%emt 0:03:26]} 6. O-O {[%emt 0:00:13]} O-O {[%emt 0:00:27]} 7. a4 {[%emt 0:01:53]} a5 {[%emt 0:03:07]} 8. h3 {[%emt 0:00:30]} Na6 {[%emt 0:00:05]} 9. d4 {[%emt 0:03:32]} Nb4 {[%emt 0:03:40]} 10. Be3 {[%emt 0:01:06]} exd4 {[%emt 0:11:39]} 11. Nxd4 {[%emt 0:04:12]} d5 {[%emt 0:00:09]} 12. exd5 {[%emt 0:01:55]} Nfxd5 {[%emt 0:03:04]} 13. Nxd5 {[%emt 0:00:10]} Nxd5 {[%emt 0:00:08]} 14. Bd2 {[%emt 0:01:19]} Bf6 {[%emt 0:07:54]} 15. c3 {[%emt 0:11:12]} Bxd4 {[%emt 0:07:39]} 16. cxd4 {[%emt 0:00:14]} Qb6 {[%emt 0:00:43]} 17. Bc3 {[%emt 0:00:30]} Be6 {[%emt 0:00:41]} 18. Re1 {[%emt 0:02:35]} Rfd8 {[%emt 0:00:45]} 19. Qh5 {[%emt 0:03:46]} Rd7 {[%emt 0:02:27]} 20. Bxd5 {[%emt 0:01:22]} Rxd5 {[%emt 0:00:48]} 21. Re5 {[%emt 0:00:31]} 1/2-1/2

[Event "18th Charleroi Open-A 2019"]
[Site "Charleroi"]
[Date "2019.07.29"]
[Round "4.13"]
[White "Decrop, Benjamin"]
[Black "Boucquet, Emile"]
[Result "1/2-1/2"]
[WhiteElo "2183"]
[BlackElo "2064"]
[Annotator "NA"]
[PlyCount "66"]
[EventDate "2019.07.22"]
[EventType "swiss"]
[EventCountry "BEL"]
[SourceTitle "playchess.com"]
[Source "ChessBase"]
[SourceQuality "1"]
[TimeControl "40/5400+30:1800+30"]

1. e4 {[%emt 0:00:00]} c5 {[%emt 0:01:25]} 2. Nf3 {[%emt 0:00:00]} d6 {[%emt 0:00:02]} 3. d4 {[%emt 0:00:00]} Nf6 {[%emt 0:00:06]} 4. Nc3 cxd4 {[%emt 0:00:03]} 5. Nxd4 {[%emt 0:00:00]} a6 {[%emt 0:00:05]} 6. Be3 {[%emt 0:00:00]} e5 {[%emt 0:00:47]} 7. Nf3 {[%emt 0:00:01]} Qc7 {[%emt 0:03:49]} 8. a4 {[%emt 0:00:35]} h6 {[%emt 0:03:22]} 9. a5 Be6 {[%emt 0:08:29]} 10. Be2 {[%emt 0:04:52]} Qc6 {[%emt 0:04:04]} 11. Nd2 {[%emt 0:09:42]} Nbd7 {[%emt 0:04:00]} 12. O-O {[%emt 0:02:54]} Be7 {[%emt 0:03:47]} 13. Bf3 {[%emt 0:21:02]} O-O {[%emt 0:02:26]} 14. Nb3 {[%emt 0:05:21]} Rac8 {[%emt 0:05:11]} 15. Re1 {[%emt 0:09:48]} Rfe8 {[%emt 0:03:44]} 16. Re2 {[%emt 0:02:26]} Qc7 {[%emt 0:03:58]} 17. Rd2 {[%emt 0:01:06]} b5 {[%emt 0:11:23]} 18. axb6 {[%emt 0:05:35]} Nxb6 {[%emt 0:00:19]} 19. Bxb6 {[%emt 0:00:05]} Qxb6 {[%emt 0:00:12]} 20. Nd5 {[%emt 0:00:11]} Nxd5 {[%emt 0:01:38]} 21. exd5 {[%emt 0:00:11]} Bd7 {[%emt 0:00:11]} 22. Be2 {[%emt 0:03:13]} Bg5 {[%emt 0:10:20]} 23. Rxa6 {[%emt 0:06:29]} Qb7 {[%emt 0:05:49]} 24. Rxd6 {[%emt 0:04:18]} Bxd2 {[%emt 0:00:36]} 25. Ba6 {[%emt 0:00:23]} Qc7 {[%emt 0:03:24]} 26. Rxd7 {[%emt 0:00:59]} Qxc2 {[%emt 0:03:57]} 27. Qxd2 {[%emt 0:00:24]} Qxb3 {[%emt 0:02:16]} 28. Bxc8 {[%emt 0:00:06]} Rxc8 {[%emt 0:00:09]} 29. g3 {[%emt 0:03:37]} Rc2 {[%emt 0:02:29]} 30. Qe1 {[%emt 0:09:46]} Qf3 {[%emt 0:04:26]} 31. Rd8+ {[%emt 0:04:33]} Kh7 {[%emt 0:00:07]} 32. Ra8 {[%emt 0:00:56]} Rxb2 {[%emt 0:06:17]} 33. Ra2 {[%emt 0:01:48]} Rxa2 {[%emt 0:02:05]} 1/2-1/2

[Event "18th Charleroi Open-A 2019"]
[Site "Charleroi"]
[Date "2019.07.29"]
[Round "4.14"]
[White "Iolis, Oleg"]
[Black "Vanden Bussche, Steven"]
[Result "0-1"]
[WhiteElo "2178"]
[BlackElo "2061"]
[Annotator "NA"]
[PlyCount "75"]
[EventDate "2019.07.22"]
[EventType "swiss"]
[EventCountry "BEL"]
[SourceTitle "playchess.com"]
[Source "ChessBase"]
[SourceQuality "1"]
[TimeControl "40/5400+30:1800+30"]

1. e4 {[%emt 0:00:00]} c6 {[%emt 0:00:00]} 2. d4 {[%emt 0:00:00]} d5 {[%emt 0:00:00]} 3. e5 {[%emt 0:00:00]} Bf5 {[%emt 0:00:00]} 4. Bd3 {[%emt 0:00:00]} Bxd3 {[%emt 0:00:00]} 5. Qxd3 {[%emt 0:00:00]} e6 {[%emt 0:00:02]} 6. Ne2 {[%emt 0:00:00]} c5 {[%emt 0:00:46]} 7. c3 {[%emt 0:00:01]} Nc6 {[%emt 0:00:16]} 8. O-O {[%emt 0:00:15]} cxd4 {[%emt 0:00:44]} 9. cxd4 {[%emt 0:00:07]} Nge7 {[%emt 0:01:24]} 10. Nd2 {[%emt 0:03:51]} Nc8 {[%emt 0:00:38]} 11. Qg3 {[%emt 0:02:52]} Nb6 {[%emt 0:01:42]} 12. Nf3 {[%emt 0:00:34]} a5 {[%emt 0:03:34]} 13. Nf4 {[%emt 0:00:39]} g6 {[%emt 0:00:57]} 14. h4 {[%emt 0:04:34]} h5 {[%emt 0:04:06]} 15. Nh3 {[%emt 0:17:39]} a4 {[%emt 0:04:13]} 16. Nhg5 {[%emt 0:02:43]} Qd7 {[%emt 0:02:58]} 17. Qf4 {[%emt 0:01:11]} Bg7 {[%emt 0:02:20]} 18. Be3 {[%emt 0:07:36]} Nc4 {[%emt 0:01:54]} 19. b3 {[%emt 0:00:35]} Nb2 {[%emt 0:01:07]} 20. Bd2 {[%emt 0:10:21]} a3 {[%emt 0:01:56]} 21. Qe3 {[%emt 0:02:29]} O-O {[%emt 0:05:13]} 22. Bc3 {[%emt 0:01:39]} b5 {[%emt 0:03:21]} 23. Rfb1 {[%emt 0:05:03]} b4 {[%emt 0:02:13]} 24. Bxb2 {[%emt 0:00:07]} axb2 {[%emt 0:00:04]} 25. Rxb2 {[%emt 0:00:05]} Ra6 {[%emt 0:00:36]} 26. Rc1 {[%emt 0:00:34]} Rfa8 {[%emt 0:00:24]} 27. Rbc2 {[%emt 0:00:31]} R8a7 {[%emt 0:00:58]} 28. Qf4 {[%emt 0:02:24]} Bh6 {[%emt 1:02:34]} 29. g4 {[%emt 0:03:17]} hxg4 {[%emt 0:00:00]} 30. Qxg4 {[%emt 0:00:06]} Ne7 {[%emt 0:00:00]} 31. h5 {[%emt 0:02:41]} Rxa2 {[%emt 0:00:00]} 32. hxg6 {[%emt 0:00:20]} Nxg6 {[%emt 0:00:00]} 33. Nh4 {[%emt 0:09:50]} Rxc2 {[%emt 0:00:00]} 34. Rxc2 {[%emt 0:00:05]} Bxg5 {[%emt 0:00:00]} 35. Qxg5 {[%emt 0:09:09]} Qe7 {[%emt 0:00:00]} 36. Qh6 {[%emt 0:00:26]} Ra1+ {[%emt 0:00:00]} 37. Kg2 {[%emt 0:00:56]} Nxh4+ {[%emt 0:00:00]} 38. Kh3 {[%emt 0:00:08]} 0-1

[Event "18th Charleroi Open-A 2019"]
[Site "Charleroi"]
[Date "2019.07.29"]
[Round "4.17"]
[White "Dauw, Sterre"]
[Black "Godde, Matthias"]
[Result "1-0"]
[WhiteElo "2148"]
[BlackElo "1989"]
[Annotator "ChessBase"]
[PlyCount "107"]
[EventDate "2019.07.22"]
[EventType "swiss"]
[EventCountry "BEL"]
[SourceTitle "playchess.com"]
[Source "ChessBase"]
[SourceQuality "1"]
[TimeControl "40/5400+30:1800+30"]

1. d4 {[%emt 0:02:40]} Nf6 {[%emt 1:30:30]} 2. c4 {[%emt 0:00:54]} g6 {[%emt 0:00:00]} 3. Nc3 {[%emt 0:00:22]} Bg7 {[%emt 0:00:00]} 4. e4 {[%emt 0:00:05]} d6 {[%emt 0:00:00]} 5. Be2 {[%emt 0:00:04]} O-O {[%emt 0:00:00]} 6. Bg5 {[%emt 1:28:55]} h6 {[%emt 0:00:00]} 7. Be3 e5 {[%emt 0:00:00]} 8. d5 {[%emt 0:00:00]} a5 {[%emt 0:00:00]} 9. h4 {[%emt 0:00:00]} Kh7 {[%emt 0:00:00]} 10. h5 {[%emt 0:00:00]} g5 {[%emt 0:00:00]} 11. g4 {[%emt 0:00:00]} c5 {[%emt 0:00:00]} 12. f3 {[%emt 0:00:00]} Na6 {[%emt 0:00:00]} 13. Bd3 {[%emt 0:00:00]} Ne8 {[%emt 0:00:00]} 14. Bc2 {[%emt 0:00:00]} Nec7 {[%emt 0:00:00]} 15. Ba4 {[%emt 0:00:00]} Rb8 {[%emt 0:00:00]} 16. Qb3 {[%emt 0:00:00]} Bf6 {[%emt 0:00:00]} 17. Nge2 {[%emt 0:00:00]} b6 {[%emt 0:00:00]} 18. Bc6 {[%emt 0:00:00]} Nb4 {[%emt 0:00:00]} 19. O-O-O {[%emt 0:00:00]} Bd7 {[%emt 0:00:00]} 20. Qa4 {[%emt 0:00:00]} b5 {[%emt 0:00:00]} 21. cxb5 {[%emt 0:00:00]} Na8 {[%emt 0:04:00]} 22. Bxa8 {[%emt 0:00:00]} Rxa8 {[%emt 0:00:49]} 23. a3 {[%emt 0:00:00]} Qb8 {[%emt 0:02:19]} 24. Kd2 {[%emt 0:00:00]} Na6 {[%emt 0:01:19]} 25. Qc4 {[%emt 0:00:00]} Nc7 {[%emt 0:00:28]} 26. a4 {[%emt 0:00:00]} Ra7 {[%emt 0:02:02]} 27. Nb1 {[%emt 0:00:00]} Rb7 {[%emt 0:00:39]} 28. Nec3 {[%emt 0:00:00]} Rc8 {[%emt 0:00:21]} 29. Na3 {[%emt 0:00:00]} Na8 {[%emt 0:00:34]} 30. b3 {[%emt 0:00:00]} Bd8 {[%emt 0:00:35]} 31. Qd3 {[%emt 0:00:00]} Be8 {[%emt 0:00:42]} 32. Nc4 {[%emt 0:00:00]} Ra7 {[%emt 0:00:29]} 33. Nb1 {[%emt 0:00:00]} Nb6 {[%emt 0:00:24]} 34. Nba3 {[%emt 0:00:00]} Nxc4+ {[%emt 0:00:38]} 35. Nxc4 {[%emt 0:00:00]} Kg7 {[%emt 0:00:51]} 36. Ke2 {[%emt 0:00:00]} Bb6 {[%emt 0:00:31]} 37. Bd2 {[%emt 0:00:00]} f6 {[%emt 0:00:22]} 38. Kf2 {[%emt 0:03:36]} Qc7 {[%emt 0:00:12]} 39. Kg3 {[%emt 0:00:05]} Rca8 {[%emt 0:00:10]} 40. Ra1 {[%emt 0:08:25]} Bd7 {[%emt 0:00:26]} 41. Be3 {[%emt 0:32:02]} Be8 {[%emt 0:31:03]} 42. Rhc1 {[%emt 0:00:33]} Qd8 {[%emt 0:00:44]} 43. Qd2 {[%emt 0:01:41]} Bc7 {[%emt 0:00:00]} 44. Ra2 {[%emt 0:00:00]} Bb6 {[%emt 0:00:00]} 45. Rac2 {[%emt 0:00:00]} Rc8 {[%emt 0:00:00]} 46. Qf2 {[%emt 0:00:00]} Kf7 {[%emt 0:02:52]} 47. Kh3 {[%emt 0:00:00]} Kg7 {[%emt 0:00:00]} 48. Rf1 {[%emt 0:00:00]} Kh7 {[%emt 0:00:00]} 49. f4 {[%emt 0:00:00]} gxf4 {[%emt 0:00:00]} 50. Bxf4 {[%emt 0:00:00]} exf4 {[%emt 0:00:00]} 51. Qxf4 {[%emt 0:00:00]} Rg7 {[%emt 0:00:00]} 52. Nxb6 {[%emt 0:00:00]} Qxb6 {[%emt 0:00:00]} 53. Qf5+ {[%emt 0:00:00]} Kh8 {[%emt 0:00:00]} 54. Qxc8 {[%emt 0:00:00]} 1-0